000 00291nam a2200121Ia 4500
005 20251222175923.0
008 251222s9999||||xx |||||||||||||| ||spa||
020 _a8474320976
082 _a338.001/B28
100 _aBaudrillard, Jean
245 0 _aEl Espejo de la Producción
942 _cLIB
999 _c40731
_d40731